Personnages fictifs commençant par la lettre B - Statistiques

Statistiques générales
  • Ce quiz a été pris 149 fois
  • Le résultat moyen est 20 sur 30
Statistiques - réponses
Par images Réponse % Correct
Bambi
98%
Barbie
97%
Babar
92%
Barbapapa
92%
Batman
92%
Baloo
91%
Bob l'éponge
91%
Bart Simpson
90%
Bête
88%
Blanche-Neige
88%
Buzz l'éclair
88%
Belle
84%
Bisounours
80%
Bianca
70%
Black Panther
70%
Bernard
67%
Bernie
66%
Bourriquet
65%
Black Widow
63%
Bellatrix Lestrange
61%
Bagheera
47%
Balthazar Picsou
47%
Bill Weasley
41%
Berlioz
38%
Basil
33%
Big-Ben
32%
Baymax
30%
Bella Swann
30%
Bucky Barnes
20%
Banzai
13%
Aucun quiz correspondant
Distribution des résultats
% des personnes avec chaque résultat
Percentile par nombre de réponses
Votre historique - résultats
Vous n’avez pas pris ce quiz